[Event "ROM-ch U10"]
[Site "Calimanesti Caciulata"]
[Date "2019.04.15"]
[Round "1"]
[White "Onica, Victor Dominic"]
[Black "Cioculeasa, George Matei"]
[Result "1-0"]
[WhiteElo "1272"]
[BlackElo "1017"]
[PlyCount "41"]
[EventDate "2019.04.15"]
[EventType "swiss"]
[EventRounds "9"]
[EventCountry "ROU"]
[SourceTitle "CBM 190 Extra"]
[Source "ChessBase"]
[SourceDate "2019.07.15"]
[SourceVersion "1"]
[SourceVersionDate "2019.07.15"]
[SourceQuality "1"]

1. e4 e5 2. Nf3 Nc6 3. Bc4 Nf6 4. d3 Bc5 5. 0-0 0-0 6. Bb3 d6 7. c3 Bg4 8. Nbd2 d5 9. Re1 d4 10. Nf1 Bh5 11. Ng3 Bg6 12. Bc2 Qd7 13. h3 a5 14. Nh4 h6 15. Qf3 dxc3 16. bxc3 b5 17. Ngf5 Bxf5 18. Nxf5 b4 19. Bxh6 gxh6 20. Qg3+ Kh8 21. Qg7# 1-0

[Event "ROM-ch U08"]
[Site "Calimanesti"]
[Date "2018.03.28"]
[Round "2"]
[White "Apostol, Ioan"]
[Black "Cioculeasa, George Matei"]
[Result "1-0"]
[WhiteElo "1157"]
[BlackElo "1001"]
[PlyCount "40"]
[EventDate "2018.03.27"]
[EventType "swiss"]
[EventRounds "9"]
[EventCountry "ROU"]
[SourceTitle "CBM 183 Extra"]
[Source "ChessBase"]
[SourceDate "2018.04.19"]
[SourceVersion "1"]
[SourceVersionDate "2018.04.19"]
[SourceQuality "1"]

1. e4 e5 2. Nf3 Nc6 3. Bc4 Qe7 4. c3 Nh6 5. d3 f6 6. Nbd2 d6 7. Nf1 Bg4 8. h3 Bxf3 9. Qxf3 0-0-0 10. Ne3 Qe8 11. Bb5 g6 12. Nd5 Bg7 13. Nxf6 Bxf6 14. Bxh6 a6 15. Bxc6 Qxc6 16. Qxf6 Rhg8 17. 0-0 Qd7 18. d4 Rde8 19. d5 Re7 20. Bg5 Ree8 1-0